Normal view
MARC view
- Heinz Hopf Edited by A. Dold
Entry Personal Name
001 - CONTROL NUMBER
- control field: 20426
003 - CONTROL NUMBER IDENTIFIER
- control field: NUST
005 - DATE AND TIME OF LATEST TRANSACTION
- control field: 20190913055217.0
008 - FIXED-LENGTH DATA ELEMENTS
- fixed length control field: 190913|| aca||aabn | a|a d
040 ## - CATALOGING SOURCE
- Original cataloging agency: NUST
- Transcribing agency: NUST
100 ## - HEADING--PERSONAL NAME
- Personal name: Heinz Hopf Edited by A. Dold
670 ## - SOURCE DATA FOUND
- Source citation: Work cat.: (NUST): Heinz Hopf Edited by A. Dold , Lecture Notes in Mathematics Differential Geometry , 1983
